Statystyki dla Kraje najbliżej Słowacji - jedna minuta sprintu

Kliknij tutaj aby rozwiązać quiz!

Ogólne statystyki

  • Ten quiz został rozwiązany 402 razy
  • Średni wynik to 14 z 20

Statystyki odpowiedzi

kmkraj% Poprawnych
0Polska
100%
0Czechy
97%
0Ukraina
93%
0Wegry
92%
224Niemcy
91%
0Austria
88%
71Rumunia
82%
142Slowenia
82%
189Serbia
79%
168Chorwacja
77%
267Bialorus
73%
321Moldawia
61%
502Szwajcaria
59%
282Bosnia i
Hercegowina
58%
497Bulgaria
57%
539Rosja
57%
304Wlochy
57%
527Kosowo
41%
468Czarnogóra
37%
556Liechtenstein
28%

Rozkład punktacji

Percentyl według liczby udzielonych odpowiedzi

Procent ludzi z każdym wynikiem

Twoja historia wyników

Nie rozwiązałeś tego quizu